000 00986nam a2200265 a 4500
003 OSt
005 20250617105700.0
008
020 _a9780323567541 (paperback)
040 _aNUST
_cNUST
_beng
_dNUST
_eNUST
050 _aRT89 LIT
245 0 _aStudy guide for Leifer Introduction to maternity and pediatric nursing/
_c Kimberly E Little.
250 _aEighth edition.
260 _aSt. Louis, Missouri :
_bElsevier,
_c2019.
300 _avii, 271 pages :
_billustrations ;
_c28 cm.
336 _atext
_btxt
_2rdacontent
337 _aunmediated
_bn
_2rdamedia
338 _avolume
_bnc
_2rdacarrier
504 _aIncludes bibliographical references and Index.
650 1 _aNursing services
_xAdministration
_xOutlines,syllabi.
650 _aLeadership
_xOutlines,syllabi.
650 _aLeadership
_xnurses' instruction.
650 _aNursing, Supervisory.
942 _cBOOKS
_kRT89
_mLIT
_2lcc
_eEighth Edition
_hRT 89
_iLIT
_n0
999 _c122200
_d122200